Microelectronics circuits : (Record no. 101812)

MARC details
000 -LEADER
fixed length control field 01135nam a22002777a 4500
005 - DATE AND TIME OF LATEST TRANSACTION
control field 20170809165336.0
010 ## - LCCN (DPL NO)
LC control number 1617EN ENG-117001
020 ## - INTERNATIONAL STANDARD BOOK NUMBER
International Standard Book Number 9780198089131
Terms of availability 825.00
035 ## - SYSTEM CONTROL NUMBER
System control number B-651645-651
035 ## - SYSTEM CONTROL NUMBER
System control number B-669810
035 ## - SYSTEM CONTROL NUMBER
System control number EN-100533
037 ## - SOURCE OF ACQUISITION
Stock number dpl
Source of stock number/acquisition Pragati
037 ## - SOURCE OF ACQUISITION
Source of stock number/acquisition DBAD/PUB
082 ## - DEWEY DECIMAL CLASSIFICATION NUMBER
Classification number 621.3815
100 ## - MAIN ENTRY--PERSONAL NAME
Personal name Sedra Adel S.
245 ## - TITLE STATEMENT
Title Microelectronics circuits :
Statement of responsibility, etc by Adera S. Sedra [and] Kenneth C. Smith
Remainder of title theory and applications/
250 ## - EDITION STATEMENT
Edition statement 6th ed.
260 ## - PUBLICATION, DISTRIBUTION, ETC. (IMPRINT)
Place of publication, distribution, etc New Delhi
Name of publisher, distributor, etc Oxford University Press
Date of publication, distribution, etc 2015
270 ## - ADDRESS
Address YMCA Building Jai Singh Road
City New Delhi
Postal code 110001
300 x# - PHYSICAL DESCRIPTION
Extent xxiv.1384p :
Dimensions 26cm. (Pbk)
Other physical details ill
Accompanying material CD-ROMs
500 ## - GENERAL NOTE
General note Includes index
700 ## - ADDED ENTRY--PERSONAL NAME
Personal name Smith,Kenneth C.
942 ## - ADDED ENTRY ELEMENTS (KOHA)
Source of classification or shelving scheme Dewey Decimal Classification
Item type English Books
Classification part 621.3815
Call number suffix SED
Holdings
Withdrawn status Lost status Not for loan Collection code Home library Current library Date acquired Source of acquisition Cost, normal purchase price Full call number Barcode Copy number Cost, replacement price Koha item type
      Non-fiction Ashok Vihar Ashok Vihar 09/08/2017 BPPD/EN/2016-17/AV/2016-17/466/15.02.2017/Pragati/602/03.03.2017/24.03.17 825.00 621.3815 SED B-669810 1 825.00 English Books
    Not For Loan Non-fiction D.B.Act.Division Bawana 03/01/2017 DBAD/PUB 825.00 621.3815 SED EN-100533 1 825.00 English Books
      Non-fiction Central Library Central Library 09/02/2017 BPPD/EN/2016-17/300/24.11.2016/IN339/02.12.2016/4.01.17 825.00 621.3815 SED B-651645 1 825.00 English Books
      Non-fiction Janak Puri Janak Puri 09/02/2017 BPPD/EN/2016-17/300/24.11.2016/IN339/02.12.2016/4.01.17 825.00 621.3815 SED B-651649 1 825.00 English Books
      Non-fiction Kasturba Gandhi Marg Kasturba Gandhi Marg 09/02/2017 BPPD/EN/2016-17/300/24.11.2016/IN339/02.12.2016/4.01.17 825.00 621.3815 SED B-651648 1 825.00 English Books
      Non-fiction New Police Line New Police Line 09/02/2017 BPPD/EN/2016-17/300/24.11.2016/IN339/02.12.2016/4.01.17 825.00 621.3815 SED B-651646 1 825.00 English Books
      Non-fiction Patel Nagar Patel Nagar 09/02/2017 BPPD/EN/2016-17/300/24.11.2016/IN339/02.12.2016/4.01.17 825.00 621.3815 SED B-651647 1 825.00 English Books
      Non-fiction Sarojini Nagar Sarojini Nagar 09/02/2017 BPPD/EN/2016-17/300/24.11.2016/IN339/02.12.2016/4.01.17 825.00 621.3815 SED B-651650 1 825.00 English Books
      Non-fiction Shahdara Branch Shahdara Branch 09/02/2017 BPPD/EN/2016-17/300/24.11.2016/IN339/02.12.2016/4.01.17 825.00 621.3815 SED B-651651 1 825.00 English Books

© Delhi Public Library
Hit Counter
free hit counter